| 000 | 00567nam a2200193Ia 4500 | ||
|---|---|---|---|
| 005 | 20250326144121.0 | ||
| 008 | 250326s9999 xx 000 0 und d | ||
| 037 | _aTextbook | ||
| 040 |
_aFMSL _beng _cFMSL |
||
| 041 |
_aeng _2eng |
||
| 084 |
_aX65:5 P3 _qFMSL |
||
| 100 |
_aDunis C _9749067 |
||
| 245 | 0 |
_aApplied quantitative methods for trading and investment _cDunis C; Laws J And Others |
|
| 260 |
_aEngland _bEngland, Wiley _c2003 |
||
| 365 | _b6987.3999999999996 | ||
| 650 | _aEconomics | ||
| 942 |
_cTB _hX65:5 P3 |
||
| 999 |
_c1302422 _d1302422 |
||